|
|
|
|
| LEADER |
00946nam a2200241 a 4500 |
| 001 |
c000290778 |
| 003 |
CARM |
| 005 |
20090224150953.0 |
| 008 |
000812s1948 vra s000 0 eng d |
| 019 |
1 |
|
|a 50075383
|5 LACONCORD2021
|
| 035 |
|
|
|a (OCoLC)812551113
|5 LACONCORD2021
|
| 040 |
|
|
|a VCAV
|b eng
|c VCAV
|
| 042 |
|
|
|a anuc
|
| 043 |
|
|
|a u-at-vi
|
| 245 |
0 |
0 |
|a Rural electrification progress :
|b thirty years of electrical development in country areas of Victoria.
|
| 260 |
|
|
|a [Melbourne] :
|b State Electricity Commission of Victoria,
|c 1948.
|
| 300 |
|
|
|a 10 leaves ;
|c 35 cm.
|
| 500 |
|
|
|a "September 1948".
|
| 650 |
|
0 |
|a Rural electrification
|z Victoria.
|
| 710 |
2 |
|
|a State Electricity Commission of Victoria.
|
| 852 |
8 |
|
|b CARM
|h A3:AD08D0
|i F05865
|p 0511069
|f BK
|
| 999 |
f |
f |
|i ab1cf71f-5eeb-5738-b069-7dc5d75a4304
|s 8f545c89-3ea5-53f4-addd-47677044b41e
|
| 952 |
f |
f |
|p Can circulate
|a CAVAL
|b CAVAL
|c CAVAL
|d CARM 1 Store
|e F05865
|f A3:AD08D0
|h Other scheme
|i book
|m 0511069
|